Games with highest E-Sports Prize Money - Sudden Death - Statistics

General Stats
  • This quiz has been taken 75 times
  • The average score is 3 of 15
Answers on the Grid
Answers color-coded by a green-red scale on the quiz's grid according to % correct below.
Apex Legends
Arena of Valor
Brawl Stars
Call of Duty: Mobile
Call of Duty: Warzone
Clash Royale
Counter-Strike
Counter-Strike: GO
Counter-Strike 2
CrossFire
Dota 2
Fortnite
Free Fire
Hearthstone
Heroes of the Storm
League of Legends
League of Legends: Wild Rift
Magic: The Gathering Arena
Mobile Legends: Bang Bang
Overwatch
Overwatch 2
PUBG
PUBG: Mobile
Rainbow Six Siege
Rocket League
SMITE
StarCraft II
Teamfight Tactics
VALORANT
World of WarCraft
 
Answer Stats
Answer % Correct
Apex Legends
52%
Counter-Strike: GO
48%
League of Legends
32%
VALORANT
32%
Dota 2
28%
Fortnite
28%
PUBG
24%
Rocket League
20%
Counter-Strike 2
16%
Overwatch
16%
Arena of Valor
12%
StarCraft II
12%
PUBG: Mobile
8%
Rainbow Six Siege
8%
Hearthstone
0%
No matching quizzes found
Score Distribution
Percent of People with Each Score
Percentile by Number Answered
Your Score History
You have not taken this quiz